Hodnotenie a ukazovatele výkonnosti v územnej samospráve
Základné typy výkonových ukazovateľov. Ukazovatele vstupov a výstupov. Ukazovatele efektívnosti. Komparatívny charakter výkonových ukazovateľov. Hodnotenie výkonnosti.
Gespeichert in:
| 1. Verfasser: | |
|---|---|
| Format: | Buchkapitel |
| Sprache: | Slowakisch |
| Schlagworte: | |
| Tags: |
Keine Tags, Fügen Sie das erste Tag hinzu!
|
MARC
| LEADER | 00000naa$a2200000$$$4500 | ||
|---|---|---|---|
| 001 | 0116324 | ||
| 005 | 20231127105151.3 | ||
| 041 | 0 | |a slo | |
| 044 | |a SK | ||
| 245 | 1 | 0 | |a Hodnotenie a ukazovatele výkonnosti v územnej samospráve |c Soňa Čapková |
| 520 | |a Základné typy výkonových ukazovateľov. Ukazovatele vstupov a výstupov. Ukazovatele efektívnosti. Komparatívny charakter výkonových ukazovateľov. Hodnotenie výkonnosti. | ||
| 610 | 2 | 0 | |a samospráva |
| 610 | 2 | 0 | |a efektívnosť ekonomická |
| 610 | 2 | 0 | |a ukazovatele efektívnosti |
| 610 | 2 | 0 | |a výkonnosť ekonomiky |
| 100 | 1 | |a Čapková, Soňa | |